Women and sports /

Bibliographic Details
Main Author: Kaplan, Janice
Format: Book
Language:English
Published: New York : Viking Press, 1979.
Subjects:

MARC

Tag First Indicator Second Indicator Subfields
LEADER 00000pam a2200000 i 4500
001 in00000090798
005 20150923131156.0
008 790215s1979 nyu 00010 eng
010 |a  79009777  
020 |a 0670778370 
035 |a (OCoLC)04775871 
035 |9 AAK6641AM 
040 |a DLC  |c DLC  |d TXA  |d UtOrBLW 
049 |a TXAM   |c  1 [1241411], 2 [1503439] 
050 0 0 |a GV709  |b  K36 1979 
082 0 |a 796/.019/4 
100 1 |a Kaplan, Janice. 
245 1 0 |a Women and sports /  |c Janice Kaplan. 
264 1 |a New York :  |b Viking Press,  |c 1979. 
300 |a xi, 192 pages ;  |c 23 cm. 
336 |a text  |b txt  |2 rdacontent 
337 |a unmediated  |b n  |2 rdamedia 
338 |a volume  |b nc  |2 rdacarrier 
650 0 |a Sports for women. 
999 |a MARS 
999 f f |s 944bbcd0-1f3f-3050-9163-96917372e679  |i 69961298-5619-3e3a-9e24-5534af3a5d00  |t 0 
952 f f |p ric  |a Texas A&M University  |b Rellis Campus  |c Joint Library Facility  |d Remote Storage  |t 0  |e GV709 K36 1979  |h Library of Congress classification  |i unmediated -- volume  |m A14802466835 
998 f f |a GV709 K36 1979  |t 0  |l Remote Storage